Analytical Chemistry for Technicians / (Record no. 16546)

MARC details
000 -LEADER
fixed length control field 01271cam a2200361 i 4500
001 - CONTROL NUMBER
control field 12864703
003 - CONTROL NUMBER IDENTIFIER
control field EG-ScBUE
005 - DATE AND TIME OF LATEST TRANSACTION
control field 20250728095945.0
006 - FIXED-LENGTH DATA ELEMENTS--ADDITIONAL MATERIAL CHARACTERISTICS--GENERAL INFORMATION
fixed length control field m||||fq||h 00| 0
008 - FIXED-LENGTH DATA ELEMENTS--GENERAL INFORMATION
fixed length control field 020722t2003 flua f b 001 0 eng d
020 ## - INTERNATIONAL STANDARD BOOK NUMBER
International Standard Book Number 1566705193 (alk. paper)
020 ## - INTERNATIONAL STANDARD BOOK NUMBER
International Standard Book Number 9781566705196
040 ## - CATALOGING SOURCE
Original cataloging agency DLC
Language of cataloging eng
Description conventions rda
Transcribing agency DLC
Modifying agency C#P
-- DLC
-- EG-ScBUE
082 04 - DEWEY DECIMAL CLASSIFICATION NUMBER
Classification number 543
Edition number 22
Item number KEN
100 1# - MAIN ENTRY--PERSONAL NAME
Personal name Kenkel, John,
Relator term author.
9 (RLIN) 29222
245 10 - TITLE STATEMENT
Title Analytical Chemistry for Technicians /
Statement of responsibility, etc John Kenkel.
250 ## - EDITION STATEMENT
Edition statement Third edition.
264 #1 - PUBLICATION, DISTRIBUTION, ETC. (IMPRINT)
Place of publication, distribution, etc Boca Raton :
Name of publisher, distributor, etc Lewis Publishers,
Date of publication, distribution, etc [2003]
264 #4 - PUBLICATION, DISTRIBUTION, ETC. (IMPRINT)
Date of publication, distribution, etc c2003
300 ## - PHYSICAL DESCRIPTION
Extent 554 pages :
Other physical details illustrations ;
Dimensions 27 cm +
Accompanying material 1 CD
336 ## - CONTENT TYPE
Source rdacontent
Content type term text
Content type code txt
336 ## - CONTENT TYPE
Source rdacontent
Content type term sounds
Content type code snd
337 ## - MEDIA TYPE
Media type term unmediated
Source rdamedia
Media type code n
337 ## - MEDIA TYPE
Media type term audio
Source s
Media type code rdamedia
338 ## - CARRIER TYPE
Carrier type term volume
Carrier type code nc
Source rdacarrier
338 ## - CARRIER TYPE
Carrier type term computer disc
Carrier type code cd
Source rdacarrier
504 ## - BIBLIOGRAPHY, ETC. NOTE
Bibliography, etc Includes bibliographical references and index.
538 ## - SYSTEM DETAILS NOTE
System details note System requirements: Pentium-based PC or compatible computer ; Window 95 or 98.
650 #7 - SUBJECT ADDED ENTRY--TOPICAL TERM
Topical term or geographic name as entry element Chemistry, Analytic.
Source of heading or term BUEsh
9 (RLIN) 29223
655 ## - INDEX TERM--GENRE/FORM
Form subdivision Reading book
942 ## - ADDED ENTRY ELEMENTS (KOHA)
Source of classification or shelving scheme Dewey Decimal Classification
Koha item type Book - Borrowing
Holdings
Withdrawn status Lost status Source of classification or shelving scheme Damaged status Not for loan Collection code Home library Current library Shelving location Date acquired Source of acquisition Cost, normal purchase price Total Checkouts Total Renewals Full call number Barcode Date last seen Date checked out Cost, replacement price Koha item type Price effective from Materials specified (bound volume or other part)
    Dewey Decimal Classification     Baccah Central Library Central Library First floor 05/03/2012 Purchase 480.00 2 5 543 KEN 000026328 15/07/2025 09/04/2019 600.00 Book - Borrowing    
    Dewey Decimal Classification     Baccah Central Library Central Library First floor 05/03/2012   480.00 2 69 543 KEN 000026329 15/07/2025 27/02/2019 600.00 Book - Borrowing 05/03/2012  
    Dewey Decimal Classification     Baccah Central Library Central Library First floor 05/03/2012 Purchase 480.00     543 KEN 000026330 15/07/2025   600.00 Book - Borrowing    
    Dewey Decimal Classification     Baccah Central Library Central Library First floor 05/03/2012 Purchase 480.00 1   543 KEN 000026331 15/07/2025 09/04/2019 600.00 Book - Borrowing    
    Dewey Decimal Classification     Baccah Central Library Central Library First floor 05/03/2012 Purchase 480.00     543 KEN 000026332 15/07/2025   600.00 Book - Borrowing    
    Dewey Decimal Classification     Baccah Central Library Central Library First floor 07/03/2012   480.00     543 KEN 000026369 24/08/2022   600.00 CD | DVD - With book (NB) 07/03/2012  
    Dewey Decimal Classification     Baccah Central Library Central Library First floor 07/03/2012   480.00     543 KEN 000026370 24/08/2022   600.00 CD | DVD - With book 07/03/2012 Lost In Inventory_2015-8-23
    Dewey Decimal Classification     Baccah Central Library Central Library First floor 07/03/2012   480.00 1   543 KEN 000026371 24/08/2022 23/01/2014 600.00 CD | DVD - With book 07/03/2012  
    Dewey Decimal Classification     Baccah Central Library Central Library First floor 07/03/2012   480.00     543 KEN 000026372 24/08/2022   600.00 CD | DVD - (NB) 07/03/2012  
    Dewey Decimal Classification     Baccah Central Library Central Library First floor 07/03/2012   480.00     543 KEN 000026373 24/08/2022   600.00 CD | DVD - With book 07/03/2012